<?xml version="1.0" encoding="UTF-8"?>
<collection xmlns="http://www.loc.gov/MARC21/slim">
 <record>
  <leader>01587nam a22002297a 4500</leader>
  <controlfield tag="001">NCT_16322</controlfield>
  <controlfield tag="008">171014b        xxu||||| |||| 00| 0 vie d</controlfield>
  <datafield tag="999" ind1=" " ind2=" ">
   <subfield code="c">774</subfield>
   <subfield code="d">774</subfield>
  </datafield>
  <datafield tag="082" ind1="1" ind2="4">
   <subfield code="2">23rd ed.</subfield>
   <subfield code="a">729</subfield>
   <subfield code="b">Th304</subfield>
  </datafield>
  <datafield tag="100" ind1="1" ind2=" ">
   <subfield code="a">Nguyễn Đức Thiềm</subfield>
  </datafield>
  <datafield tag="245" ind1="1" ind2="0">
   <subfield code="a">Kiến trúc cơ sở phục vụ thiết kế nội ngoại thất</subfield>
   <subfield code="c">Nguyễn Đức Thiềm</subfield>
  </datafield>
  <datafield tag="250" ind1=" " ind2=" ">
   <subfield code="a">Tái bản</subfield>
  </datafield>
  <datafield tag="260" ind1=" " ind2=" ">
   <subfield code="a">H.</subfield>
   <subfield code="b">Xây dựng</subfield>
   <subfield code="c">2015</subfield>
  </datafield>
  <datafield tag="520" ind1="3" ind2=" ">
   <subfield code="a">Nội dung giới thiệu những khái niệm chung về kiến trúc ( phần trọng tâm ), nhà ở ( phục vụ thiết kế nội thất ), nhà công cộng ( phục vụ thiết kế nội thất ), tổ chức không gian mở ở đô thị ( phục vụ thiết kế nội thất ).</subfield>
  </datafield>
  <datafield tag="653" ind1=" " ind2=" ">
   <subfield code="a">Kiến trúc</subfield>
  </datafield>
  <datafield tag="655" ind1=" " ind2=" ">
   <subfield code="a">Kiến trúc</subfield>
  </datafield>
  <datafield tag="942" ind1=" " ind2=" ">
   <subfield code="2">ddc</subfield>
   <subfield code="c">BK</subfield>
  </datafield>
  <datafield tag="952" ind1=" " ind2=" ">
   <subfield code="0">0</subfield>
   <subfield code="1">0</subfield>
   <subfield code="2">ddc</subfield>
   <subfield code="4">0</subfield>
   <subfield code="6">729_000000000000000_TH304</subfield>
   <subfield code="7">0</subfield>
   <subfield code="9">2453</subfield>
   <subfield code="a">000001</subfield>
   <subfield code="b">000001</subfield>
   <subfield code="d">2017-11-03</subfield>
   <subfield code="o">729 Th304</subfield>
   <subfield code="p">MD.08840</subfield>
   <subfield code="r">2017-11-03</subfield>
   <subfield code="v">126000.00</subfield>
   <subfield code="w">2017-11-03</subfield>
   <subfield code="y">BK</subfield>
  </datafield>
  <datafield tag="952" ind1=" " ind2=" ">
   <subfield code="0">0</subfield>
   <subfield code="1">0</subfield>
   <subfield code="2">ddc</subfield>
   <subfield code="4">0</subfield>
   <subfield code="6">729_000000000000000_TH304</subfield>
   <subfield code="7">0</subfield>
   <subfield code="9">2454</subfield>
   <subfield code="a">000001</subfield>
   <subfield code="b">000001</subfield>
   <subfield code="d">2017-11-03</subfield>
   <subfield code="o">729 Th304</subfield>
   <subfield code="p">MD.08841</subfield>
   <subfield code="r">2017-11-03</subfield>
   <subfield code="v">126000.00</subfield>
   <subfield code="w">2017-11-03</subfield>
   <subfield code="y">BK</subfield>
  </datafield>
  <datafield tag="952" ind1=" " ind2=" ">
   <subfield code="0">0</subfield>
   <subfield code="1">0</subfield>
   <subfield code="2">ddc</subfield>
   <subfield code="4">0</subfield>
   <subfield code="6">729_000000000000000_TH304</subfield>
   <subfield code="7">0</subfield>
   <subfield code="9">2455</subfield>
   <subfield code="a">000001</subfield>
   <subfield code="b">000001</subfield>
   <subfield code="d">2017-11-03</subfield>
   <subfield code="l">2</subfield>
   <subfield code="m">1</subfield>
   <subfield code="o">729 Th304</subfield>
   <subfield code="p">MD.08842</subfield>
   <subfield code="r">2021-03-27</subfield>
   <subfield code="s">2021-02-26</subfield>
   <subfield code="v">126000.00</subfield>
   <subfield code="w">2017-11-03</subfield>
   <subfield code="y">BK</subfield>
  </datafield>
  <datafield tag="952" ind1=" " ind2=" ">
   <subfield code="0">0</subfield>
   <subfield code="1">0</subfield>
   <subfield code="2">ddc</subfield>
   <subfield code="4">0</subfield>
   <subfield code="6">729_000000000000000_TH304</subfield>
   <subfield code="7">0</subfield>
   <subfield code="9">2456</subfield>
   <subfield code="a">000001</subfield>
   <subfield code="b">000001</subfield>
   <subfield code="d">2017-11-03</subfield>
   <subfield code="l">1</subfield>
   <subfield code="o">729 Th304</subfield>
   <subfield code="p">MD.08843</subfield>
   <subfield code="r">2021-02-26</subfield>
   <subfield code="s">2021-01-30</subfield>
   <subfield code="v">126000.00</subfield>
   <subfield code="w">2017-11-03</subfield>
   <subfield code="y">BK</subfield>
  </datafield>
  <datafield tag="980" ind1=" " ind2=" ">
   <subfield code="a">Thư viện Trường Đại học Nam Cần Thơ</subfield>
  </datafield>
 </record>
</collection>
